इसे छोड़कर सामग्री पर बढ़ने के लिए
Inicio
Centros participantes
Catálogo
Servicios
Contacto
लॉग इन करें
English
Deutsch
Español
Français
Italiano
日本語
Nederlands
Português
Português (Brasil)
中文(简体)
中文(繁體)
Türkçe
עברית
Gaeilge
Cymraeg
Ελληνικά
Català
Euskara
Русский
Čeština
Suomi
Svenska
polski
Dansk
slovenščina
اللغة العربية
বাংলা
Galego
Tiếng Việt
Hrvatski
हिंदी
Հայերէն
Українська
Sámegiella
भाषा
सभी फ़ील्ड्स
शीर्षक
लेखक
विषय
बोधानक
आईएसबीएन / आईएसएसएन
टैग
खोज
उन्नत
La Tenencia de la tierra en el...
इसे उद्धृत करें
इसे ईमेल करें
प्रिंट
निर्यात रिकॉर्ड
को निर्यात RefWorks
को निर्यात EndNoteWeb
को निर्यात EndNote
सूची में सहेजें
स्थायी लिंक
पहली रेटिंग जोड़ें
La Tenencia de la tierra en el valle de Machachi a finales del siglo XVII
में बचाया:
ग्रंथसूची विवरण
मुख्य लेखक:
Borchart de Moreno, Christiana
स्वरूप:
मूलपाठ
प्रकाशित:
Quito:
s.e.
टैग:
टैग जोड़ें
कोई टैग नहीं, इस रिकॉर्ड को टैग करने वाले पहले व्यक्ति बनें!
होल्डिंग्स
विवरण
टिप्पणियाँ
समान संसाधन
स्टाफ के लिए
MARC
LEADER
00000 a a2200000 04500
001
24417
003
040
090
|a
175100
100
|a
Borchart de Moreno, Christiana
245
|a
La Tenencia de la tierra en el valle de Machachi a finales del siglo XVII
260
|a
Quito:
|b
s.e.
300
|a
pp. 143-167
999
|c
11485
|d
11485
समान संसाधन
La Transferencia de la propiedad agraria indígena en el corregimiento de Quito hasta finales del siglo XVII
द्वारा: Borchart de Moreno, Christiana
Traspaso de la propiedad indígena a mano de los españoles
द्वारा: Borchart de Moreno, Christiana
Composiciones de tierras en el Valle de los Chillos a finales del siglo XVII: una contribución a la historia agraria de la Audiencia de Quito
द्वारा: Borchart de Moreno, Christiana
La Cuestión nacional en el marxismo
द्वारा: Silva Charvet, Erika
Jahrbuch für Geschichte von Staat, wirtschaft und gesellschaft Lateinamerikas. Anuario de História sobre el estado, económia y sociedad Latinoamericana /
द्वारा: Konetzke, Richard